| 000 | 01063nam a2200301Ia 4500 | ||
|---|---|---|---|
| 005 | 20220317001806.0 | ||
| 008 | 170328s2009 m a g 000 0 s | ||
| 020 | _a9789685920827 | ||
| 041 | _aspa | ||
| 082 | 0 | 4 |
_a614.575 _bB29e |
| 100 | 1 |
_aBeyer Ruiz, María Emilia _d1971- |
|
| 245 | 1 | 3 |
_aLa enfermedad del beso _cMaría Emilia Beyer Ruiz ; ilustraciones de Margarita Sada |
| 250 | _a1a. edición | ||
| 300 |
_a35 páginas _bilustraciones a color _c25 cm |
||
| 490 | _aLa otra escalera | ||
| 500 | _aIncluye datos biográficos de la autora e ilustradora | ||
| 521 | _aRecomendado desde los 15 años | ||
| 650 | 1 | 4 |
_2LEMB _aEnfermedades transmisibles _xPrevención |
| 650 | 1 | 4 |
_2LEMB _aVirus _xEnseñanza elemental |
| 650 | 1 | 4 |
_2LEMB _aMononucleosis _xEnseñanza elemental |
| 700 | 1 |
_aSada, Margarita _d1966- _eilustradora _990923 |
|
| 942 |
_2ddc _cBK |
||
| 264 |
_aMéxico _bCastillo _c2009 |
||
| 336 |
_atexto _btxt _2rdacontent |
||
| 337 |
_asin mediación _bn _2rdamedia |
||
| 338 |
_avolumen _bnc _2rdacarrier |
||
| 040 |
_aCO-BoRNBP _bspa _erda _cCO-BoRNBP |
||
| 999 |
_c8115 _d8115 |
||